000 00613nam a2200229Ia 4500
005 20250108125033.0
008 008 250107s9999 xx 000 0 eng d
020 _a81-88086-17-7
037 _aTB
040 _aCRL
_beng
_cCRL
041 _aeng
_2eng
084 _aO111,3N71,HT Q3
084 _qCRL
100 _aAhuja M. L. Au.
245 0 _aPerspectives in world religions
_cAhuja M. L. Au.
260 _aLondon, UK
_bNew Central Book Agency
_c3107
300 _ax,441p.
365 _aINR
_b499
650 _aRELIGION
942 _cTB
_hO111,3N71,HT Q3
999 _c1235495
_d1235495